Χώρος, φως και λόγος : η διαλεκτική του "μέσα"-"έξω" στην ποίηση του Καβάφη
Αποθηκεύτηκε σε:
| Κύριος συγγραφέας: | |
|---|---|
| Μορφή: | Βιβλίο |
| Γλώσσα: | Greek |
| Δημοσίευση: |
Αθήνα :
Καστανιώτης,
1992
|
| Θέματα: | |
| Ετικέτες: |
Προσθήκη ετικέτας
Δεν υπάρχουν, Καταχωρήστε ετικέτα πρώτοι!
|
MARC
| LEADER | 00000nam a2200000 i 4500 | ||
|---|---|---|---|
| 001 | 1/83903 | ||
| 008 | 960906s1992 gre d | ||
| 020 | |a 960-03-0898-5 | ||
| 035 | |a 1993 |b 3 |c Αναγνωστοπούλου |l 10034311 | ||
| 040 | |a GR-MY-UA |b gre |e aacr | ||
| 041 | 0 | |a gre | |
| 082 | 0 | |a 889.12 | |
| 100 | 1 | |a Πιερής, Μιχάλης |d 1952- | |
| 245 | 1 | 0 | |a Χώρος, φως και λόγος : |b η διαλεκτική του "μέσα"-"έξω" στην ποίηση του Καβάφη / |c Μιχάλης Πιερής |
| 260 | |a Αθήνα : |b Καστανιώτης, |c 1992 | ||
| 300 | |a 456 σ. | ||
| 600 | 1 | 0 | |a Καβάφης, Κωνσταντίνος Π., |d 1863-1933. |
| 650 | 0 | 0 | |a Poets, Greek (Modern) |x History and criticism. |
| 852 | |a INST |b RHODES |e 19960906 |h 889.12 ΠΙΕ |p 005400010161 |q 005400010161 |t BK |y 0 | ||
| 909 | |a Ρ |b 029860 |c 1993 | ||
| 970 | |z 2000/07/ΚΑΤΕΡΙΝΑ | ||